000 00822nam a2200241Ia 4500
003 OSt
005 20220926000816.0
006 a|||||r|||| 00| 0
007 ta
008 220923b |||||||| |||| 00| 0 eng d
037 _cGeneral Book
040 _aRTL
_cRTL
_beng
041 _2eng
_aeng
082 _aU44.235G.N8, M5
100 _aSawant Prakash R
_9303029
245 0 _aRiver dam construction and resettlement of affecteted villages A case study of two villages in the upper Krishna valley
_b Vyahali and Chandavadi (District Satara)
260 _a New Delhi
_bInter-India Publication India
_c1985
300 _axix,191p.
_ccm.
500 _aAppendix: P 152-88
650 _aRural Geography
942 _hU44.235G.N8, M5
_cGB
_2CC
999 _c599798
_d599798